00697nam a2200193 i 450000100060000000300090000600500170001500700030003200800410003510000280007624502140010426000320031830000300035065000240038070000200040470000330042470000250045785200210048235995ES-MaACL20250822062544.0t|030214s1952 sp ||||1| spa d1 aBrennan, Robert Edward.10aPsicología general b: una interpretación de la ciencia de la mente / cRobert Edward Brennan ; prefacio de Rudolf Allers ; versión española de J. Estellés Salarich ; prólogo de Santiago Ramírez. aMadrid : bMorata, c[1952] a519 p. : bil. ; c22 cm.07aPsicología2embne1 aAllers, Rudolf.1 aEstellés Salarich, José.1 aRamírez, Santiago. aES-MaACLjD-5970